Responses for Show #6819 - Thursday, April 17, 2014

Sandie Baker game 7.

Contestants

[<< previous game]

Kristin McAuliffe, a higher-education administrator from Brighton, Massachusetts

Frédérique Delaprée, a foreign service officer from Ottawa, Ontario, Canada

Sandie Baker, a translation coordinator from Eastpointe, Michigan (whose 6-day cash winnings total $140,200)

[next game >>]

Jeopardy! Round responses

REJECTED SUPERVILLAIN NAMES
THE INTERSTATE HIGHWAY SYSTEM
SAUCES
1-CONSONANT WORDS
MADDEN COVER MEN
HISTORIC DAYS
(Alex: You have to name the most important event, generally acknowledged, for that particular day.)
    $200 1
dust bunny

Frédérique
    $200 16
Boston and Seattle

Kristin
    $200 11
garlic

Kristin
    $200 21
(Sandie: What is a flute?)

oboe

SandieKristin
    $200 6
the Tennessee Titans

Kristin
    $200 26
moon landing

Sandie
    $400 2
dishwasher

Sandie
    $400 17
Annapolis

Kristin
    $400 12
tomato

Sandie
    $400 22
adieu

Kristin
    $400 7
(Brett) Favre

Sandie
    $400 27
VE day

Frédérique
    $600 3
baby boomer

Frédérique
    $600 18
Jacksonville

Kristin
    $1,200 13
hollandaise sauce

Sandie
    $600 23
Ouija

Kristin
    $600 8
Ray Lewis

Kristin
    $600 28
the Titanic sinking

Sandie
    $800 4
pacemaker

Kristin
    $800 19
New York

Sandie
    $800 14
Avery Island

Triple Stumper
    $800 24
iota

Kristin
    $800 9
Michael Vick

Kristin
    $800 29
Lindbergh flight across Atlantic

Sandie
    $1000 5
Pomeranian

Kristin
    $1000 20
I-95

Sandie
    $1000 15
bolognese

Sandie
    $1000 25
(Kristin: What is déjà vu?)

eerie

Kristin
Triple Stumper
    $1000 10
Calvin Johnson

Sandie
    $1000 30
(Kristin: What is the gold rush?)
(Sandie: What is gold was discovered?)
(Alex: Where?)
(Sandie: In California.)
(Alex: Thank you.)
[Kristin's response was initially ruled as incorrect and later reversed before the Double Jeopardy! Round.]

gold discovered in California

SandieKristin

Scores at the first commercial break (after clue 15):

Sandie Frédérique Kristin
$4,400 $800 $3,600

Scores at the end of the Jeopardy! Round:

Sandie Frédérique Kristin
$8,600 $1,200 $6,800

Double Jeopardy! Round responses

A BEASTLY CATEGORY
COMPOSERS
CELEBRITY EPITAPHS
WIND
LITERARY TITLE CHARACTERS
THAT'S THE "WAY"
    $400 16
cheetahs

Sandie
    $400 1
Tchaikovsky

Kristin
    $400 6
Mel Blanc

Sandie
    $400 20
tornado

Sandie
    $400 11
Tarzan

Kristin
    $800 17
army ants

Triple Stumper
    $800 2
George Gershwin

Kristin
    $800 7
Merv Griffin

Kristin
    $800 21
jet stream

Frédérique
    $800 12
Pippi Longstocking

Kristin
    $800 25
be nice to people on your way up

Kristin
    $1200 18
(Alex: Ah, that cute guy is a [*].)

Komodo dragon

Triple Stumper
    $1200 3
Chopin

Sandie
    $1200 8
"I Will Always Love You"

Kristin
    $1200 22
(Alex: Those are those big [*]... electricity generating.)

wind turbines

Triple Stumper
    $1200 13
Lolita

Frédérique
    $1200 26
No Way Jose

Kristin
    $1600 19
(Kristin: What is a chimpanzee?)

gibbon

Kristin
Triple Stumper
    $2,000 4
Handel

Sandie
    $1600 9
Tom Bosley

Kristin
    $1600 23
(Sandie: What is a Tuareg?)

sirocco

Sandie
Triple Stumper
    $1600 14
Ivan

Frédérique
    $1600 27
seaway

Frédérique
    $2000 5
(Claude) Debussy

Sandie
    $2000 10
Jackie Gleason

Sandie
    $2,200 24
(Frédérique: What is the British Army?)
(Alex: Oh... close, but no cigar. [*].)

the British Navy

Frédérique
    $2000 15
(Sandie: Who is "The Man in the Gray Flannel Suit"?)

(George) Babbitt

SandieFrédérique
    $2000 28
[The end-of-round signal sounds.]

leeway

Sandie

Scores at the end of the Double Jeopardy! Round:

Sandie Frédérique Kristin
$15,400 $6,200 $13,200

[wagering suggestions for these scores]

Final Jeopardy! Round responses

19th CENTURY PRESIDENTS
(Alex: He was known by the nickname "Handsome Frank".)
FrédériqueWho is Grover Cleveland?
$0
KristinWho is Martin van Buren?
$13,199
SandieWho was Andrew Jackson?
$11,100
Franklin Pierce

Final scores:

Sandie Frédérique Kristin
$4,300 $6,200 $1
2nd place: $2,000 New champion: $6,200 3rd place: $1,000

Game dynamics:

Coryat scores:

Sandie Frédérique Kristin
$14,400 $8,400 $13,200
20 R
(including 2 DDs),
3 W
8 R,
1 W
(including 1 DD)
23 R,
2 W

Combined Coryat: $36,000

[game clues] [game scores] [suggest correction]

Game tape date: 2014-01-14
The J! Archive is created by fans, for fans. Scraping, republication, monetization, and malicious use prohibited; this site may use cookies and collect identifying information. See terms. The Jeopardy! game show and all elements thereof, including but not limited to copyright and trademark thereto, are the property of Jeopardy Productions, Inc. and are protected under law. This website is not affiliated with, sponsored by, or operated by Jeopardy Productions, Inc. Join the discussion at JBoard.tv.